| Поле | Название | Значение |
| |
Тип записи |
a |
| |
Библиографический уровень |
m |
| 001 |
Контрольный номер |
RU/SLIB/B/208747885 |
| 005 |
Дата корректировки |
20201206204119.4 |
| 010 |
Индекс ISBN |
__ |
| d |
Цена |
0-45 |
| 101 |
Язык документа |
__ |
| a |
Язык текста |
rus |
| 200 |
Заглавие и сведения об ответственности |
__ |
| a |
Заглавие |
Трудовое воспитание младших школьников |
| e |
Сведения, относящиеся к заглавию |
кн. для учителя : из опыта работы |
| f |
Первые сведения об ответственности |
Панков В. А. ; вступ., заключ. и коммент. Г. Ф. Суворовой ; [рец.: З. Д. Кочаровская, З. А. Торопова] |
| b |
Общее обозначение материала |
Текст |
| 210 |
Выходные данные |
__ |
| a |
Место издания |
М. |
| c |
Издательство |
Просвещение |
| d |
Дата издания |
1984 |
| 215 |
Физическое описание |
__ |
| a |
Объем |
144 с. |
| 300 |
Общие примечания |
__ |
| a |
Общие примечания |
Рец. указ. на обороте тит. л. |
| 606 |
Тематические рубрики |
__ |
| a |
Основная рубрика |
Образование. Педагогика |
| 606 |
Тематические рубрики |
__ |
| a |
Основная рубрика |
Теория и методика воспитания |
| 610 |
Ключевые слова |
__ |
| a |
Ключевые слова |
трудовое воспитание; младшие школьники; нравственное воспитание; охрана природы |
| 686 |
Индексы других классификаций |
__ |
| a |
Классификационный индекс |
74.200.53; В74.200.52 |
| 700 |
Автор |
__ |
| a |
Фамилия |
Панков |
| b |
Имя |
В. А. |
| 4 |
Код отношения |
070 |
| 702 |
Вторичная интеллектуальная ответственность |
__ |
| a |
Фамилия |
Суворова |
| b |
Имя |
Г. Ф. |
| 4 |
Код отношения |
Автор предисловия и т.д. |
| 4 |
Код отношения |
080 |
| 4 |
Код отношения |
210 |
| 702 |
Вторичная интеллектуальная ответственность |
_1 |
| a |
Фамилия |
Кочаровская |
| b |
Имя |
З. Д. |
| 4 |
Код отношения |
Рецензент |
| 4 |
Код отношения |
675 |
| 702 |
Вторичная интеллектуальная ответственность |
_1 |
| a |
Фамилия |
Торопова |
| b |
Имя |
З. А. |
| 4 |
Код отношения |
Рецензент |
| 4 |
Код отношения |
675 |
| 801 |
Источник записи |
_0 |
| a |
Страна |
RU |
| b |
Организация |
Муниципальное бюджетное учреждение культуры "Централизованная библиотечная система" г. Сургут (Центральная городская библиотека им. А. С. Пушкина) |
| g |
Правила каталогизации |
КиК/Уланова |
| 801 |
Источник записи |
_1 |
| a |
Страна |
RU |
| b |
Организация |
Муниципальное бюджетное учреждение культуры "Централизованная библиотечная система" г. Сургут (Центральная городская библиотека им. А. С. Пушкина) |
| g |
Правила каталогизации |
КиК/Уланова |
| 852 |
Данные о местонахождении |
__ |
| j |
Шифр хранения |
74.200.53 |
| c |
Каталожный индекс |
74.200.52 |
| i |
Авторский знак |
П 16 |
| p |
Инвентарный номер |
22820 |
| 901 |
Тип документа |
__ |
| t |
Тип документа |
m |
| 990 |
Данные о заказе (DOS) |
__ |
| j |
Количество экземпляров (DOS) |
1 |